Cartilla politica y christiana ... / (Record no. 21521)
[ view plain ]
| 000 -LEADER | |
|---|---|
| campo de control de longitud fija | 01063nam a2200253 i 4500 |
| 001 - NÚMERO DE CONTROL | |
| campo de control | 21521 |
| 003 - IDENTIFICADOR DE NÚMERO DE CONTROL | |
| campo de control | ES-MaACL |
| 005 - FECHA Y HORA DE LA ÚLTIMA TRANSACCIÓN | |
| campo de control | 20250828023458.0 |
| 007 - CAMPO FIJO DE DESCRIPCIÓN FÍSICA--INFORMACIÓN GENERAL | |
| campo de control de longitud fija | t| |
| 008 - DATOS DE LONGITUD FIJA--INFORMACIÓN GENERAL | |
| campo de control de longitud fija | 021126s1666 sp ||||1| spa d |
| 100 1# - ENTRADA PRINCIPAL--NOMBRE DE PERSONA | |
| Nombre de persona | Albornoz, Diego Felipe de. |
| 9 (RLIN) | 19412 |
| 245 10 - MENCIÓN DEL TÍTULO | |
| Título | Cartilla politica y christiana ... / |
| Mención de responsabilidad, etc. | D. Diego Felipe de Albornoz. |
| 260 ## - PUBLICACIÓN, DISTRIBUCIÓN, ETC. | |
| Lugar de publicación, distribución, etc. | En Madrid : |
| Nombre del editor, distribuidor, etc. | por Melchor Sanchez : |
| -- | a costa de Mateo de la Bastida ..., |
| Fecha de publicación, distribución, etc. | 1666. |
| 300 ## - DESCRIPCIÓN FÍSICA | |
| Extensión | [8], 90, [24] h. ; |
| Dimensiones | 24 cm. |
| 530 ## - NOTA DISPONIBLE DE FORMULARIO FÍSICO ADICIONAL | |
| Nota de formato físico adicional disponible | Disponible en formato digital. |
| 597 ## - NOTA DE DESCRIPCIÓN FÍSICA | |
| NOTA DE DESCRIPCIÓN FÍSICA | Sign.: §4, §4, A-Z4, 2A-2E4, 2F2. |
| 650 07 - PUNTO DE ACCESO ADICIONAL DE MATERIA--TÉRMINO DE MATERIA | |
| Término de materia o nombre geográfico como elemento de entrada | Vida cristiana |
| Fuente del encabezamiento o término | embne |
| 9 (RLIN) | 17790 |
| 650 #7 - PUNTO DE ACCESO ADICIONAL DE MATERIA--TÉRMINO DE MATERIA | |
| Término de materia o nombre geográfico como elemento de entrada | Educación de príncipes |
| Fuente del encabezamiento o término | embne |
| 9 (RLIN) | 12100 |
| 650 #4 - PUNTO DE ACCESO ADICIONAL DE MATERIA--TÉRMINO DE MATERIA | |
| Término de materia o nombre geográfico como elemento de entrada | Ética política- |
| Subdivisión geográfica | España. |
| 9 (RLIN) | 151908 |
| 852 ## - LOCALIZACIÓN | |
| Ubicación | ES-MaACL |
| Número de control de estantería | R-844 |
| Nota libre | - Enc. pergamino moderna |
| Encuadernación | Olim: G-2878 |
| 856 ## - LOCALIZACIÓN Y ACCESO ELECTRÓNICOS | |
| Identificador Uniforme de Recursos | <a href="http://bdh-rd.bne.es/viewer.vm?id=0000078450&page=1 ">http://bdh-rd.bne.es/viewer.vm?id=0000078450&page=1 </a> |
| Nota pública | Biblioteca Digital Hispánica |
| 856 ## - LOCALIZACIÓN Y ACCESO ELECTRÓNICOS | |
| Identificador Uniforme de Recursos | <a href="https://bvpb.mcu.es/es/consulta/registro.do?id=400877 ">https://bvpb.mcu.es/es/consulta/registro.do?id=400877 </a> |
| Nota pública | Biblioteca Virtual del Patrimonio Bibliográfico |
| Estatus retirado | Estado de pérdida | Estado de daño | No para préstamo | Colección | Biblioteca de origen | Biblioteca actual | Ubicación en estantería | Fecha de adquisición | Fuente de adquisición | Total de préstamos | Signatura topográfica completa | Código de barras | Visto por última vez | Precio de reemplazo | Tipo de ítem Koha |
|---|---|---|---|---|---|---|---|---|---|---|---|---|---|---|---|
| Colección digital | Biblioteca del Ateneo de Madrid | Biblioteca del Ateneo de Madrid | Depósito | 17/01/2008 | R-844 | 1022117 | 23/02/2023 | 23/02/2023 | Libro impreso antiguo |
